Statistics for Name the ten largest terrorist organizations in the world

Click here to take the quiz!

General Stats

  • This quiz has been taken 122 times
  • The average score is 4 of 10

Answer Stats

SalesOrganization% Correct
2-3 billion
USD
ISIS
94%
400 Million
USD
Taliban
61%
150 Million
USD
Al-Qaeda
55%
1 billion USDHamas
53%
52 Million
USD
Boko Haram
38%
50 Million
USD
IRA
32%
70 Million
USD
Al Shabab
16%
600 Million
USD
FARC
14%
500 Million
USD
Hizbollah
10%
100 Million
USD
Lashkar-eTaiba
4%

Score Distribution

Percentile by Number Answered

Percent of People with Each Score

Your Score History

You have not taken this quiz